[Event "Arab Clubs-chT 5th"]
[White "Rimawi, BT."]
[Black "Warrad, Atallah"]
[Site "Damascus"]
[Round "6"]
[Result "1/2-1/2"]
[Date "2003.07.20"]
[WhiteElo "2225"]
[BlackElo "2158"]
[PlyCount "116"]
[EventDate "2003.07.17"]
[EventType "team"]
[EventRounds "9"]
[EventCountry "SYR"]
[SourceTitle "CBM 095 Extra"]
[Source "ChessBase"]
[SourceDate "2003.09.04"]
[SourceVersion "1"]
[SourceVersionDate "2003.09.04"]
[SourceQuality "1"]

1. e4 e6 2. d4 d5 3. Nc3 dxe4 4. Nxe4 Bd7 5. Nf3 Bc6 6. Bd3 Nd7 7. 0-0 Ngf6 8. Qe2 Be7 9. Bf4 0-0 10. Rad1 Nd5 11. Bc1 Nb4 12. Bc4 Bd5 13. a3 Bxc4 14. Qxc4 Nd5 15. Qe2 c6 16. c4 N5f6 17. Rfe1 Qc7 18. Neg5 h6 19. Nxe6 fxe6 20. Qxe6+ Rf7 21. Ne5 Raf8 22. Nxf7 Rxf7 23. b4 Nf8 24. Qe2 a5 25. Bd2 Ng6 26. g3 Qd7 27. bxa5 Qh3 28. Bb4 Ng4 29. f3 Bxb4 30. axb4 Re7 31. Qc2 Ne3 32. Qf2 Nxd1 33. Rxd1 Qe6 34. d5 cxd5 35. cxd5 Qd6 36. Qc5 Rd7 37. Qxd6 Rxd6 38. b5 Ne7 39. Kf2 Kf7 40. f4 Nxd5 41. a6 bxa6 42. bxa6 Ke6 43. Ra1 Nc7 44. a7 Na8 45. Ke3 Rd8 46. Ra6+ Kd5 47. f5 Ke5 48. g4 Re8 49. Ra5+ Kd6+ 50. Kf4 Nc7 51. h4 Nd5+ 52. Kf3 Ra8 53. g5 hxg5 54. hxg5 Nb4 55. Kg4 Nc6 56. Ra6 Rxa7 57. Rxa7 Nxa7 58. Kh5 Ke7 1/2-1/2

[Event "Arab-ch League 4th"]
[White "Warrad, Atallah"]
[Black "Al Kailani, Zaid"]
[Site "Doha"]
[Round "5"]
[Result "1-0"]
[Date "2002.03.06"]
[WhiteElo "2143"]
[BlackElo "2095"]
[PlyCount "47"]
[EventDate "2002.03.02"]
[EventType "team-tourn"]
[EventRounds "11"]
[EventCountry "QAT"]
[SourceTitle "CBM 087 Extra"]
[Source "ChessBase"]
[SourceDate "2002.05.03"]
[SourceVersion "2"]
[SourceVersionDate "2002.08.09"]
[SourceQuality "1"]

1. e4 d6 2. d4 Nf6 3. Nc3 Nbd7 4. Nf3 e5 5. Be3 Be7 6. Bc4 0-0 7. 0-0 c6 8. Bb3 Qc7 9. h3 h6 10. Nh4 exd4 11. Bxd4 Ne5 12. f4 Nxe4 13. Nxe4 Bxh4 14. fxe5 dxe5 15. Bc5 Be7 16. Bxe7 Qxe7 17. Qd6 Qe8 18. Qg6 Kh8 19. Rxf7 Rxf7 20. Bxf7 Qd8 21. Rf1 Qd4+ 22. Kh1 Bd7 23. Nf6 gxf6 24. Qxh6# 1-0